La mirada cosmopolita o la guerra es la paz
Պահպանված է:
| Հիմնական հեղինակ: | |
|---|---|
| Ձևաչափ: | Գիրք |
| Լեզու: | իսպաներեն |
| Հրապարակվել է: |
Barcelona
Paidós
2005
|
| Շարք: | Paidós Etado y Sociedad, 132
|
| Խորագրեր: | |
| Ցուցիչներ: |
Ավելացրեք ցուցիչ
Չկան պիտակներ, Եղեք առաջինը, ով նշում է այս գրառումը!
|
MARC
| LEADER | 00000nam a2200000 a 4500 | ||
|---|---|---|---|
| 001 | UCJ0627 | ||
| 003 | CL-VaPUC | ||
| 008 | 060825e20050000SP |||||||||||||||||spa|d | ||
| 020 | |a 8449317622 | ||
| 082 | 0 | 4 | |a 142.3 |b BEC |2 21 |
| 100 | 0 | |a Beck, Ulrich |e author |9 500840 | |
| 245 | 1 | 3 | |a La mirada cosmopolita o la guerra es la paz |
| 300 | |a 263 p | ||
| 942 | |c BK | ||
| 945 | |d 20060825 00:00:00 |a jtorresc | ||
| 260 | |a Barcelona |b Paidós |c 2005 | ||
| 650 | 0 | |a Filosofía de la historia |9 265651 | |
| 650 | 0 | |a Idealismo |9 265685 | |
| 650 | 0 | |a Filosofía alemana |9 265002 | |
| 583 | |a last modification |c 20140408 09:15:06 |k Rodrigo Vera | ||
| 490 | 0 | |a Paidós Etado y Sociedad, 132 | |
| 999 | |c 317392 |d 317390 | ||
| 952 | |0 0 |1 0 |4 0 |6 142_300000000000000_BEC_2005 |7 0 |8 A |9 393733 |a BIBHIS |b BIBHIS |d 2019-11-22 |i 4262158 |o 142.3 BEC 2005 |p 4262158 |r 2025-01-20 |w 2019-11-22 |y BK |k HIS | ||